000 01439cam a2200265 a 4500
001 666492566
003 OCoLC
005 20241209110901.0
008 100922s2011 miua b 001 0 eng
020 _a9780802865786 (pbk. : alk. paper)
020 _a080286578X (pbk. : alk. paper)
035 _a(OCoLC)666492566
040 _aDLC
_cDLC
_dYDX
_dYDXCP
_dBTA
_dIGR
_dCDX
_dBWX
_dDAY
082 0 0 _a261.57
_222
_bDYR
100 1 _aDyrness, William A.
245 1 0 _aPoetic theology :
_bGod and the poetics of everyday life /
_cWilliam A. Dyrness.
260 _aGrand Rapids, Mich. :
_bW.B. Eerdmans Pub. Co.,
_c2011.
300 _axiii, 338 p. :
_bill. ;
_c23 cm.
504 _aIncludes bibliographical references and index.
505 0 _aPrelude to aesthetic theology : theological reflections on love, desire, and the affections -- The historical model : theologia poetica -- Poetic stewardship of life -- Re-reading the nineteenth-century Romantic heritage -- Twentieth-century aesthetics : in search of a theological voice -- Dante, Bunyan, and the search for a Protestant aesthetics -- Calvin, the locked church, and the recovery of contemplation -- The aesthetics of church -- Aesthetics and social transformation -- Living and reflecting poetically : systematic implications.
650 0 _aAesthetics
_xReligious aspects
_xChristianity.
650 0 _aTheology
_xMethodology.
650 0 _aPoetry
_xReligious aspects.
942 _2ddc
_cBK
999 _c10540
_d10540